• 首页
  • 本馆介绍
  • 公告通知
  • 最新文献
  • 馆藏检索
  • 电子资源
  • 读者导购
  • 参考咨询
  • 我的图书馆
  • 登录
  • 详细信息显示
  • 放入我的书架
  • 预约/预借图书
  • 作者相关作品
  • 分类相关作品
  • 丛书相关作品
  • 出版社相关作品

书目信息

  • 表格格式
  • 工作单格式
  • 卡片格式
题名:
法西斯运动和法西斯专政
    
 
作者: 陈祥超 著
分册:  
出版信息: 北京   中国青年出版社  1999.05
页数: 479页
开本: 32开
丛书名: 精萃世界史
单 册:
中图分类: K516.44
科图分类:
主题词: 法西斯主义--历史
电子资源:
ISBN: 7-5006-3241-X
000 00637nam0 2200217 45
001 0110070902
005 20031219104051.0
010    @a7-5006-3241-X@dCNY17.50
100    @a20011007d1999 km y0chiy0120 ea
101 0  @achi
105    @a z 000yy
200 1  @a法西斯运动和法西斯专政@AFa Xi Si Yun Dong He Fa Xi Si Zhuan Zheng@f陈祥超等著@FChen Xiang Chao Deng Zhu
210    @a北京@c中国青年出版社@d1999.05
215    @a479页@d32开
225    @a精萃世界史
410    @12001 @a精萃世界史
606 0  @a法西斯主义@x历史
690    @aK516.44@v3
701    @a陈祥超@4著
801    @aCN@bTSTC@c20011008
905    @f1@b299068@dK516.44@e15
    
    法西斯运动和法西斯专政/陈祥超等著.-北京:中国青年出版社,1999.05
    479页;32开.-(精萃世界史)
    
    
    ISBN 7-5006-3241-X:CNY17.50
    
●
相关链接 在E读中查询图书 在五车中查询图书 在当当中查询图书 在豆瓣中查询图书


正题名:法西斯运动和法西斯专政     索取号:K516.44/15         预约/预借

序号 登录号 条形码 馆藏地/架位号 状态 备注
1 0299068   202990683   第二样本阅览室/ [索取号:K516.44/15] 在馆    
唐山师范学院图书馆 欢迎您!
大连网信软件有限公司© 版权所有